| 000 | 00699nam a22002297a 4500 | ||
|---|---|---|---|
| 999 |
_c23273 _d23273 |
||
| 003 | NUST | ||
| 005 | 20190925163531.0 | ||
| 008 | 140409b xxu||||| |||| 00| 0 eng d | ||
| 020 |
_a8178084627 _cAvailable |
||
| 038 | _aNusrat Nadeem | ||
| 040 |
_aDLC _bDLC _cRCMS |
||
| 082 |
_b000015 _23rd,ed. _a004.362COU |
||
| 100 |
_aCoulouris, george & jean Dollimore & Tim Kindberg _95354 |
||
| 245 |
_aDistributed Systems: Concept & Design _cCoulouris, George |
||
| 250 | _a3rd Ed | ||
| 260 |
_aIndia _bPearson Education _cc,2004 |
||
| 300 |
_axiii,772,p: _bPb: _c22,cm |
||
| 538 | _iSupercomputing Lab | ||
| 600 |
_xDistributed Systems _921442 |
||
| 856 | _3Table of Content Only | ||
| 942 |
_cBK _2ddc |
||